书目信息 |
| 题名: |
预防少年犯罪典型案例专辑
|
|
| 作者: | 王振峰 , 潘度文 主编 | |
| 分册: | ||
| 出版信息: | 2011.01 |
|
| 页数: | 86页 | |
| 开本: | 20cm | |
| 丛书名: | ||
| 单 册: | ||
| 中图分类: | D669.5 | |
| 科图分类: | ||
| 主题词: | 政治--中国 | |
| 电子资源: | ||
| ISBN: | ||
| 000 | 00610nam0 2200193 450 | |
| 001 | 2639033784 | |
| 005 | 20260305110219.99 | |
| 010 | @dCNY12.00 | |
| 100 | @a20260305d2011 km y0chiy0120 ea | |
| 101 | 0 | @achi |
| 200 | 1 | @a预防少年犯罪典型案例专辑@AYu Fang Shao Nian Fan Zui Dian Xing An Li Zhuan Ji@f王振峰,潘度文主编@FWang Zhen Feng,Pan Du Wen Zhu Bian |
| 210 | @d2011.01 | |
| 215 | @a86页@d20cm | |
| 606 | 0 | @a政治@x中国 |
| 690 | @aD669.5@v4 | |
| 701 | 0 | @a王振峰@AWang Zhen Feng@4主编 |
| 701 | 0 | @a潘度文@APan Du Wen@4主编 |
| 801 | 0 | @aCN@b大连网信软件有限公司图书馆·11@c20260305 |
| 905 | @aZUCC@dD669.5@e313 | |
| 预防少年犯罪典型案例专辑/王振峰,潘度文主编.-2011.01 |
| 86页;20cm |
| ISBN :CNY12.00 |
| ● |
| 相关链接 |
|
|
|
|
正题名:预防少年犯罪典型案例专辑
索取号:D669.5/313
 
预约/预借
| 序号 | 登录号 | 条形码 | 馆藏地/架位号 | 状态 | 备注 |
| 1 | 1442156 | 214421561 | 第二样本阅览室/ [索取号:D669.5/313] | 在馆 |